000
00295nam a22001337a 4500
020
_q
PB.
040
_c
FIZZA ISHAQ
082
_a
005.133
_b
IVO
100
_a
HORTON,IVOR.
_9
76370
245
_a
ANSI C++ /
_c
IVOR HORTON.
260
_a
NEW YORK ;
_c
2004.
300
_a
1091 p. ;
942
_2
ddc
_c
BK
999
_c
589203
_d
589203